[Event "Landsturneringen 2015"]
[Site "Oppsal arena, Oslo"]
[Date "2015.07.09"]
[Round "7"]
[White "Nordquelle, Daniel"]
[Black "Ranaldi, Lucas"]
[Result "0-1"]
[WhiteElo "1870"]
[BlackElo "2028"]
[PlyCount "94"]
[EventDate "2015.??.??"]

1. e4 c5 2. Nf3 e6 3. d4 cxd4 4. Nxd4 Nc6 5. Be3 a6 6. a3 Nf6 7. Nc3 Qc7 8. Be2
Be7 9. O-O d6 10. Kh1 Bd7 11. Qd2 Nxd4 12. Qxd4 Bc6 13. f3 O-O 14. Rad1 Rfd8
15. Bf2 e5 16. Qb6 Qxb6 17. Bxb6 Rdc8 18. Kg1 Bd8 19. Be3 Bc7 20. Bc4 Ba5 21.
Bb3 Bxc3 22. bxc3 Bb5 23. Rfe1 Ne8 24. Bd2 Kf8 25. Kf2 Ke7 26. g3 Bc4 27. Rb1
b5 28. Bxc4 Rxc4 29. Rb4 Rac8 30. Reb1 Nf6 31. Rxc4 Rxc4 32. Rb4 Nd7 33. Rxc4
bxc4 34. Be3 Kd8 35. f4 Kc7 36. fxe5 dxe5 37. Kf3 g6 38. h4 Kc6 39. Bg5 f6 40.
Bc1 Kb5 41. g4 Ka4 42. g5 fxg5 43. Bxg5 Kxa3 44. Be7+ Kb2 45. Kg4 h6 46. h5
gxh5+ 47. Kxh5 Kxc3
0-1

[Event "Landsturneringen 2015"]
[Site "Oppsal arena, Oslo"]
[Date "2015.07.09"]
[Round "7"]
[White "Grønn, Eskil Ekeland"]
[Black "Machlik, Edit"]
[Result "0-1"]
[WhiteElo "1924"]
[BlackElo "2014"]
[PlyCount "108"]
[EventDate "2015.??.??"]

1. Nf3 Nf6 2. c4 e6 3. g3 a6 4. Bg2 b5 5. Nd4 c6 6. cxb5 axb5 7. Nxb5 cxb5 8.
Bxa8 d5 9. b4 Qc7 10. Bb2 Qa7 11. Qc2 Bd7 12. Bxf6 gxf6 13. Bxd5 exd5 14. Nc3
Nc6 15. Nxd5 Qd4 16. Qe4+ Kd8 17. Qxd4 Nxd4 18. Rc1 Bc6 19. Rxc6 Nxc6 20. O-O
f5 21. Kg2 Kd7 22. Rc1 Bd6 23. a3 h6 24. Nf6+ Kc7 25. Rc3 Rd8 26. Nd5+ Kb7 27.
Ne3 Nd4 28. Rd3 Bc7 29. f3 f4 30. gxf4 Nxe2 31. Rxd8 Nxf4+ 32. Kf2 Bxd8 33. Nf5
h5 34. Nd6+ Kc6 35. Nxf7 Bf6 36. Ke3 Ne6 37. Ke4 Bb2 38. Ne5+ Kd6 39. f4 Nxf4
40. Nc4+ bxc4 41. Kxf4 Kd5 42. a4 Be5+ 43. Kg5 Bxh2 44. a5 Bc7 45. Kxh5 Kd4 46.
Kg4 Kd3 47. Kf5 Kxd2 48. Ke6 Kc3 49. a6 Bb6 50. Kd5 Kxb4 51. Ke4 Kb3 52. Kf3 c3
53. Ke2 c2 54. a7 Bxa7
0-1

[Event "Landsturneringen 2015"]
[Site "Oppsal arena, Oslo"]
[Date "2015.07.09"]
[Round "7"]
[White "Løbersli, Henrik Øie"]
[Black "Tryggestad, Andreas G"]
[Result "1-0"]
[WhiteElo "2007"]
[BlackElo "2139"]
[PlyCount "79"]
[EventDate "2015.??.??"]

1. d4 Nf6 2. c4 g6 3. Nc3 d5 4. cxd5 Nxd5 5. Bd2 Nb6 6. Bg5 Bg7 7. Nf3 Bg4 8.
e3 O-O 9. Be2 N8d7 10. h3 Be6 11. O-O Nf6 12. e4 c6 13. b3 Qc7 14. Qc2 Rac8 15.
Rfd1 Rfd8 16. Rac1 h6 17. Be3 Qb8 18. Qd2 Kh7 19. Bf4 Qa8 20. Qe3 Nbd7 21. d5
cxd5 22. exd5 Rxc3 23. Qxc3 Nxd5 24. Qd2 N7f6 25. Be5 Rc8 26. Qb2 Rxc1 27. Rxc1
Qd8 28. Nd4 Bd7 29. Bf3 Qa5 30. a3 e6 31. b4 Qb6 32. Nb3 Ne8 33. Bxg7 Nxg7 34.
Qd4 Qa6 35. Nc5 Nf5 36. Qxd5 exd5 37. Nxa6 bxa6 38. Bxd5 Kg7 39. Rc7 Be8 40.
Rxa7
1-0

[Event "Landsturneringen 2015"]
[Site "Oppsal arena, Oslo"]
[Date "2015.07.09"]
[Round "7"]
[White "Dahl, Trygve"]
[Black "Rødsmoen, Maud"]
[Result "1/2-1/2"]
[WhiteElo "1968"]
[BlackElo "1826"]
[PlyCount "100"]
[EventDate "2015.??.??"]

1. d4 Nf6 2. Bg5 d5 3. Bxf6 exf6 4. e3 Bf5 5. g3 Nd7 6. Bg2 Nb6 7. Nd2 Bd6 8.
Ne2 c6 9. b3 Qe7 10. a4 Qe6 11. a5 Nd7 12. c4 Bh3 13. Bf3 f5 14. cxd5 cxd5 15.
a6 b6 16. Rc1 Nf6 17. Rc6 Qd7 18. Qc2 O-O 19. Ng1 Rac8 20. Rxc8 Rxc8 21. Qb1
Ba3 22. Qa2 Rc1+ 23. Bd1 Bg2 24. Qxa3 Rxd1+ 25. Kxd1 Bxh1 26. f3 g5 27. b4 Kg7
28. Ke2 g4 29. Qd3 Bxf3+ 30. Ngxf3 gxf3+ 31. Kxf3 Ne4 32. Kg2 Qa4 33. Nxe4 fxe4
34. Qe2 Qxb4 35. Qg4+ Kh6 36. Qf4+ Kg7 37. Qg5+ Kf8 38. Qxd5 Qd2+ 39. Kh3 Qxe3
40. Qd6+ Kg7 41. Qe5+ Kg6 42. d5 Qf3 43. Qd6+ f6 44. Qc6 Kf5 45. Qc1 e3 46. d6
Qg4+ 47. Kg2 Qe2+ 48. Kh3 Qg4+ 49. Kg2 Qe2+ 50. Kh3 Qg4+
1/2-1/2

[Event "Landsturneringen 2015"]
[Site "Oppsal arena, Oslo"]
[Date "2015.07.09"]
[Round "7"]
[White "Kyrkjebø, Hanna B"]
[Black "Sajjadi, Kimiya"]
[Result "1/2-1/2"]
[WhiteElo "1711"]
[BlackElo "1730"]
[PlyCount "56"]
[EventDate "2015.??.??"]

1. e4 e6 2. d3 c5 3. Qe2 Nc6 4. Nf3 g6 5. g3 Bg7 6. Bg2 d6 7. O-O Nge7 8. c3
O-O 9. Bf4 e5 10. Be3 h6 11. h4 f5 12. Qd2 Kh7 13. Nh2 Be6 14. Qe2 f4 15. Bd2
Ng8 16. Na3 Rc8 17. Nc2 Rc7 18. b4 Rcf7 19. b5 Na5 20. c4 b6 21. Ne1 Nb7 22.
Nef3 Qd7 23. a4 fxg3 24. fxg3 Nf6 25. Qe3 Nh5 26. Be1 Nf6 27. Bd2 Nd8 28. a5
Ng4
1/2-1/2

[Event "Landsturneringen 2015"]
[Site "Oppsal arena, Oslo"]
[Date "2015.07.09"]
[Round "7"]
[White "Kjøita, Torgeir Jakhelln"]
[Black "Machlik, Jon"]
[Result "1-0"]
[WhiteElo "2000"]
[BlackElo "1929"]
[PlyCount "53"]
[EventDate "2015.??.??"]

1. e4 e5 2. Nf3 Nc6 3. d4 exd4 4. Nxd4 Bc5 5. Be3 Qf6 6. Nb5 Bxe3 7. fxe3 Qd8
8. Qg4 g6 9. Qf4 d6 10. Bc4 Ne5 11. Bb3 Bd7 12. Nd4 Qe7 13. Nc3 c6 14. O-O-O
O-O-O 15. Rhf1 h5 16. h3 Nh6 17. Qf2 Rhf8 18. Qd2 f6 19. Nce2 Nhf7 20. Nf4 Ng5
21. Qa5 h4 22. Qxa7 Nxe4 23. Qa8+ Kc7 24. Nb5+ Kb6 25. Qa7+ Kxb5 26. a4+ Kb4
27. Qb6#
1-0

[Event "Landsturneringen 2015"]
[Site "Oppsal arena, Oslo"]
[Date "2015.07.09"]
[Round "7"]
[White "Rasmussen, Jonas H"]
[Black "Skagen, Bjørn"]
[Result "1-0"]
[WhiteElo "1778"]
[BlackElo "1846"]
[PlyCount "113"]
[EventDate "2015.??.??"]

1. d4 Nf6 2. c4 g6 3. Nc3 d5 4. Nf3 Bg7 5. Bf4 O-O 6. e3 c5 7. Be2 cxd4 8. Nxd4
Re8 9. Nf3 dxc4 10. Bxc4 Nc6 11. O-O Bg4 12. Qxd8 Raxd8 13. Ng5 Rf8 14. h3 Bd7
15. Rad1 h6 16. Nge4 Nxe4 17. Nxe4 Ne5 18. Bb3 Bc6 19. Nc5 b6 20. Bxe5 Bxe5 21.
Nd3 Bg7 22. Nf4 Bxb2 23. Nxg6 Bb5 24. Nxf8 Rxf8 25. Rd5 Bxf1 26. Kxf1 Ba3 27.
Ke2 Kg7 28. Rd4 Rc8 29. Rg4+ Kf8 30. Rf4 f6 31. Rg4 e6 32. Rg8+ Kxg8 33. Bxe6+
Kg7 34. Bxc8 Bd6 35. Kf3 Kg6 36. Kg4 Bf8 37. Bf5+ Kg7 38. Bd3 Kf7 39. Kf5 Be7
40. g4 Bd6 41. f4 Bc5 42. e4 Be3 43. h4 Bd2 44. Be2 Be3 45. g5 fxg5 46. hxg5
hxg5 47. Kxg5 Ke6 48. Bc4+ Ke7 49. e5 Bd4 50. Kf5 Bc3 51. Ke4 Bb2 52. f5 Kf8
53. f6 Ba3 54. e6 Bb4 55. Kd5 a5 56. Kc6 Bc5 57. Kd7
1-0

[Event "Landsturneringen 2015"]
[Site "Oppsal arena, Oslo"]
[Date "2015.07.10"]
[Round "8"]
[White "Kaasen, Tor Fredrik"]
[Black "Mihajlov, Sebastian"]
[Result "0-1"]
[WhiteElo "2010"]
[BlackElo "2246"]
[PlyCount "60"]
[EventDate "2015.??.??"]
[TimeControl "6000+865"]
[WhiteClock "0:25:12"]
[BlackClock "1:02:27"]

1. d4 d5 2. c4 c6 3. Nf3 Nf6 4. e3 Bg4 5. Be2 e6 6. Nbd2 Nbd7 7. O-O Bd6 8. b3
O-O 9. Bb2 Re8 10. Ne5 Bf5 11. f4 h6 12. Qe1 Bh7 13. g4 Bb4 14. a3 Bxd2 15.
Qxd2 Ne4 16. Qe1 Nxe5 17. fxe5 Qg5 18. Rf4 f6 19. h4 Qg6 20. Bd3 fxe5 21. Bxe4
dxe4 22. dxe5 Rf8 23. Qg3 Rxf4 24. exf4 Rd8 25. h5 Qf7 26. Re1 Rd3 27. Re3 Qd7
28. Bc1 Qd4 29. Kh2 Rd1 30. Re1 Rxc1
0-1

[Event "Landsturneringen 2015"]
[Site "Oppsal arena, Oslo"]
[Date "2015.07.06"]
[Round "3"]
[White "Machlik, Monika"]
[Black "Kjøita, Torgeir Jakhelln"]
[Result "1/2-1/2"]
[WhiteElo "2042"]
[BlackElo "2000"]
[PlyCount "158"]
[EventDate "2015.??.??"]
[TimeControl "6000+780"]

1. d4 Nf6 2. c4 c5 3. d5 e6 4. Nc3 exd5 5. cxd5 d6 6. e4 g6 7. f4 Qe7 8. Nf3
Bg4 9. Bb5+ Nbd7 10. O-O O-O-O 11. Qa4 Kb8 12. e5 Ne8 13. exd6 Nxd6 14. Re1 Qf6
15. Ne5 Nb6 16. Qa5 h5 17. Be3 Bh6 18. Rf1 Ndc8 19. Ne4 Qf5 20. Ng3 Qf6 21. Ne4
Qf5 22. Nxc5 Rxd5 23. Bd3 Qf6 24. Rae1 Bf5 25. Qc3 Bg7 26. Be2 Bg4 27. Bd3 Bf5
28. Bf2 Bg4 29. Bc4 Nxc4 30. Qxc4 Rhd8 31. Qb4 Nb6 32. Ne4 Qe6 33. Ng5 Qd6 34.
Qxd6+ R8xd6 35. Ngxf7 Rf6 36. h3 Bc8 37. Rd1 Rf5 38. Nd6 Rf6 39. Ne4 Re6 40.
Ng5 Re7 41. Ngf3 Ra5 42. Bxb6 axb6 43. a3 g5 44. Nxg5 Bxe5 45. fxe5 Raxe5 46.
Nf3 Rb5 47. Rd2 Rg7 48. Kh2 Bd7 49. Re1 Rf5 50. Re5 Rxe5 51. Nxe5 Bc6 52. Rf2
Bd5 53. Rd2 Bc6 54. g4 Kc7 55. Kg3 b5 56. Rf2 Bd5 57. Kh4 Kd6 58. Nd3 Bc4 59.
Nf4 hxg4 60. hxg4 Ke5 61. Nh5 Rh7 62. Kg5 Rh8 63. Nf6 Kd4 64. Kg6 Ke3 65. Rg2
Kf3 66. Rd2 Ke3 67. Rd7 Rh2 68. Rxb7 Rxb2 69. g5 Ra2 70. Ra7 Kf4 71. Nh5+ Kg4
72. Nf6+ Kf4 73. Ra5 Rg2 74. Nh5+ Kg4 75. Nf6+ Kh4 76. Nh7 Bd3+ 77. Kg7 Bxh7
78. Kxh7 Rxg5 79. Kh6 Rg3
1/2-1/2

[Event "Landsturneringen 2015"]
[Site "Oppsal arena, Oslo"]
[Date "2015.07.10"]
[Round "8"]
[White "Haldorsen, Benjamin"]
[Black "Ranaldi, Lucas"]
[Result "1-0"]
[WhiteElo "2194"]
[BlackElo "2028"]
[PlyCount "77"]
[EventDate "2015.??.??"]

1. e4 c5 2. Nf3 d6 3. d4 cxd4 4. Nxd4 Nf6 5. Nc3 a6 6. Be3 e5 7. Nb3 Be6 8. f3
Be7 9. Qd2 O-O 10. O-O-O Nbd7 11. g4 b5 12. g5 b4 13. Ne2 Ne8 14. f4 a5 15. f5
a4 16. fxe6 axb3 17. cxb3 fxe6 18. Kb1 Qa5 19. Nc1 Nc7 20. g6 Nf6 21. gxh7+ Kh8
22. Rg1 Rf7 23. h4 Bf8 24. Qg2 d5 25. Qg6 Rd7 26. h5 Nce8 27. Bh3 d4 28. Bg5
Qa6 29. h6 Qc6 30. Nd3 Qxe4 31. Qxe4 Nxe4 32. Nxe5 Rda7 33. Ng6+ Kxh7 34. Nxf8+
Kh8 35. Bxe6 Rxa2 36. hxg7+ Kxg7 37. Be7+ Kh6 38. Rg6+ Kh5 39. Rh1# 1-0

[Event "Landsturneringen 2015"]
[Site "Oppsal arena, Oslo"]
[Date "2015.07.10"]
[Round "8"]
[White "Nilsen, Martin"]
[Black "Machlik, Endre"]
[Result "0-1"]
[WhiteElo "2021"]
[BlackElo "2007"]
[PlyCount "50"]
[EventDate "2015.??.??"]

1. e3 d5 2. f4 c5 3. Nf3 Nc6 4. Bb5 Nf6 5. O-O Qc7 6. d3 e6 7. Bxc6+ Qxc6 8.
Ne5 Qc7 9. Nd2 Bd6 10. Ndf3 Nd7 11. Nxd7 Bxd7 12. b3 O-O-O 13. Bb2 f6 14. c4
dxc4 15. bxc4 Bc6 16. d4 Rhg8 17. Qb3 Qf7 18. Ne5 Bxe5 19. fxe5 Qg6 20. Rf2
fxe5 21. dxc5 Rgf8 22. Raf1 Rxf2 23. Rxf2 Bxg2 24. Bxe5 Rd1+ 25. Rf1 Rxf1#
0-1

[Event "Landsturneringen 2015"]
[Site "Oppsal arena, Oslo"]
[Date "2015.07.10"]
[Round "8"]
[White "Haug, Johannes"]
[Black "Løbersli, Henrik Øie"]
[Result "1-0"]
[WhiteElo "2179"]
[BlackElo "2007"]
[PlyCount "87"]
[EventDate "2015.??.??"]

1. d4 d5 2. c4 e6 3. Nc3 Nf6 4. cxd5 exd5 5. Bg5 Nbd7 6. e3 Bb4 7. Qc2 O-O 8.
Bd3 h6 9. Bh4 c5 10. dxc5 Nxc5 11. Nge2 b6 12. O-O Bb7 13. Rfd1 Ncd7 14. Bf5
Be7 15. Nf4 Rc8 16. Bxf6 Bxf6 17. Nfxd5 Bxc3 18. Nxc3 Rc7 19. Be4 Qc8 20. Bxb7
Qxb7 21. Qe4 Nf6 22. Qxb7 Rxb7 23. Rd4 Re8 24. Rad1 g6 25. h3 Kg7 26. Rd8 Ree7
27. R1d4 Red7 28. R8xd7 Nxd7 29. e4 Nc5 30. f3 Kf6 31. Kf2 Ke6 32. Ke3 Rb8 33.
f4 f6 34. g4 Rb7 35. b4 Nd7 36. Nd5 g5 37. f5+ Kf7 38. Rc4 Ne5 39. Rc8 Nd7 40.
Rc6 a5 41. b5 Kg7 42. Re6 Kf7 43. Re7+ Kf8 44. Rh7
1-0

[Event "Landsturneringen 2015"]
[Site "Oppsal arena, Oslo"]
[Date "2015.07.10"]
[Round "8"]
[White "Machlik, Edit"]
[Black "Risting, Eivind Olav"]
[Result "0-1"]
[WhiteElo "2014"]
[BlackElo "2087"]
[PlyCount "102"]
[EventDate "2015.??.??"]

1. d4 e6 2. c4 f5 3. Nf3 Nf6 4. g3 c6 5. Bg2 d5 6. O-O Bd6 7. b3 Qe7 8. Ne1 O-O
9. Nd3 b6 10. Bf4 Bb7 11. Nd2 a5 12. Bxd6 Qxd6 13. Nf3 Nbd7 14. e3 c5 15. Nde5
Rfd8 16. Qc2 Rac8 17. Rfd1 b5 18. Qb2 dxc4 19. bxc4 b4 20. a3 Qb6 21. axb4 axb4
22. Nxd7 Nxd7 23. Rac1 Qc7 24. Rd2 Be4 25. Rcd1 Nf6 26. dxc5 Rxd2 27. Nxd2 Rd8
28. Ra1 Bxg2 29. Kxg2 Qxc5 30. Rb1 h6 31. Nf3 Rb8 32. Qd4 Ne4 33. Ne5 Qxd4 34.
exd4 b3 35. Rb2 Nc3 36. Nc6 Na4 37. Rb1 Rb6 38. Na5 b2 39. c5 Rb5 40. Nc4 Rb4
41. Nxb2 Rxb2 42. Ra1 Rb4 43. c6 Rc4 44. c7 Nb6 45. Ra7 Kh7 46. Ra6 Nd5 47.
Rxe6 Nxc7 48. Re5 Kg6 49. Re7 Nd5 50. Rd7 Rxd4 51. Rd6+ Kf7
0-1

[Event "Landsturneringen 2015"]
[Site "Oppsal arena, Oslo"]
[Date "2015.07.10"]
[Round "8"]
[White "Tryggestad, Andreas G"]
[Black "Nordquelle, Daniel"]
[Result "1-0"]
[WhiteElo "2139"]
[BlackElo "1870"]
[PlyCount "63"]
[EventDate "2015.??.??"]

1. d4 d5 2. c4 c6 3. Nc3 Nf6 4. Nf3 e6 5. g3 Be7 6. Bg2 O-O 7. O-O Ne4 8. Qd3
f5 9. Ne5 Nd7 10. Bf4 Qb6 11. b3 Bf6 12. Na4 Qa5 13. f3 Bxe5 14. dxe5 Nec5 15.
Nxc5 Qxc5+ 16. Be3 Qa5 17. f4 b5 18. cxd5 cxd5 19. Bxd5 Nb6 20. Bxa8 Nxa8 21.
Qd2 b4 22. Rfd1 Nc7 23. a3 Nd5 24. axb4 Qb5 25. Ra5 Qb8 26. Bxa7 Qb7 27. Rxd5
Qxa7+ 28. Qd4 Qa2 29. Rd8 Qxe2 30. Rxf8+ Kxf8 31. Qd3 Qg4 32. Rc1
1-0

[Event "Landsturneringen 2015"]
[Site "Oppsal arena, Oslo"]
[Date "2015.07.10"]
[Round "8"]
[White "Sajjadi, Kimiya"]
[Black "Grønn, Eskil Ekeland"]
[Result "0-1"]
[WhiteElo "1730"]
[BlackElo "1924"]
[PlyCount "60"]
[EventDate "2015.??.??"]

1. d4 g6 2. c4 Bg7 3. Nc3 c5 4. d5 Bxc3+ 5. bxc3 f5 6. Nf3 Qa5 7. Qc2 Nf6 8.
Bh6 Ne4 9. Rc1 d6 10. Nd2 Nxd2 11. Qxd2 Nd7 12. h4 Nb6 13. e3 Qa4 14. Qe2 Bd7
15. h5 Qa3 16. Qd2 Qa4 17. Qe2 O-O-O 18. Bg5 Rde8 19. hxg6 hxg6 20. Rxh8 Rxh8
21. Bxe7 Rh1 22. Kd2 Qxa2+ 23. Rc2 Qb1 24. Rc1 Qe4 25. Bxd6 Rxf1 26. Qxf1 Nxc4+
27. Ke1 Nxd6 28. Ra1 Bb5 29. Qh1 Qc2 30. Qh8+ Ne8
0-1

[Event "Landsturneringen 2015"]
[Site "Oppsal arena, Oslo"]
[Date "2015.07.10"]
[Round "8"]
[White "Rasmussen, Jonas H"]
[Black "Dahl, Trygve"]
[Result "0-1"]
[WhiteElo "1778"]
[BlackElo "1968"]
[PlyCount "94"]
[EventDate "2015.??.??"]

1. d4 f5 2. c4 Nf6 3. Nc3 d6 4. Nf3 Nbd7 5. Bf4 g6 6. e3 Bg7 7. Be2 O-O 8. O-O
c6 9. Ng5 Nb8 10. Qb3 h6 11. c5+ d5 12. Nf3 Nfd7 13. Qc2 Qe8 14. Qb3 Kh7 15.
Nb1 e5 16. Bxe5 Nxe5 17. Nxe5 Bxe5 18. dxe5 Qxe5 19. Nd2 Nd7 20. Nf3 Qe7 21.
Rac1 f4 22. Nd4 Ne5 23. exf4 Rxf4 24. Qe3 Re4 25. Qc3 Bd7 26. f4 Ng4 27. Bd3
Rxf4 28. Bxg6+ Kxg6 29. Rxf4 Re8 30. Qd3+ Kg7 31. Rf3 Qg5 32. Rf7+ Kxf7 33.
Qh7+ Qg7 34. Rf1+ Nf6 35. Qd3 Qg6 36. Qc3 Qg5 37. Kh1 Qe3 38. Qb4 a5 39. Qxb7
Re7 40. Nxc6 Qf2 41. Ne5+ Rxe5 42. Qxd7+ Kg6 43. Qb5 Re1 44. Qd3+ Kg7 45. h3
Rxf1+ 46. Kh2 Qg1+ 47. Kg3 Ne4+
0-1

[Event "Landsturneringen 2015"]
[Site "Oppsal arena, Oslo"]
[Date "2015.07.10"]
[Round "8"]
[White "Unhjem, Bjørn Robert Løvoll"]
[Black "Kyrkjebø, Marte B"]
[Result "1/2-1/2"]
[WhiteElo "1361"]
[BlackElo "1699"]
[PlyCount "131"]
[EventDate "2015.??.??"]

1. d4 d5 2. Nf3 Nf6 3. c4 c6 4. e3 g6 5. Nc3 Bg7 6. cxd5 cxd5 7. Be2 O-O 8. O-O
Nc6 9. Bd2 b6 10. Rc1 Bb7 11. a3 e6 12. b4 Ne4 13. Nxe4 dxe4 14. Ne1 Ne7 15. f3
Qd7 16. fxe4 Bxe4 17. Bf3 Bxf3 18. Qxf3 Nd5 19. Nd3 Qd6 20. Nb2 Rad8 21. Rc2
Qd7 22. Rfc1 Rc8 23. Qd1 Nf6 24. Rxc8 Rxc8 25. Rxc8+ Qxc8 26. Qc1 Qd7 27. Qc4
Ne4 28. Qd3 Qd5 29. Nd1 Qf5 30. Bc1 Qh5 31. Qf1 Qd5 32. Nf2 Nxf2 33. Kxf2 Bh6
34. Qe2 Qf5+ 35. Ke1 Qe4 36. Qf3 Qb1 37. Qd1 Qa2 38. Qd2 Qb3 39. Kf2 a5 40. Qb2
Qc4 41. bxa5 bxa5 42. Bd2 a4 43. Qc3 Qa2 44. Ke2 Bf8 45. Qc8 Qxa3 46. e4 Kg7
47. d5 e5 48. Qb8 Bd6 49. Qe8 Qb3 50. h4 Qc4+ 51. Kd1 Qf1+ 52. Kc2 Qxg2 53.
Qxa4 Qf2 54. Kd3 Qxh4 55. Bb4 Qe7 56. Bxd6 Qxd6 57. Qc6 Qd8 58. d6 Kf8 59. Qc5
f6 60. Kc4 Ke8 61. Kd5 Qd7 62. Qb6 h5 63. Qb8+ Qd8 64. Qb5+ Qd7 65. Qb8+ Kf7
66. Qc7
1/2-1/2

[Event "Landsturneringen 2015"]
[Site "Oppsal arena, Oslo"]
[Date "2015.07.10"]
[Round "8"]
[White "Skagen, Bjørn"]
[Black "Kyrkjebø, Hanna B"]
[Result "0-1"]
[WhiteElo "1846"]
[BlackElo "1711"]
[PlyCount "88"]
[EventDate "2015.??.??"]

1. d4 d5 2. c4 c6 3. Nf3 Nf6 4. e3 g6 5. Nc3 Bg7 6. Be2 O-O 7. O-O a6 8. Qb3 e6
9. Bd2 Nbd7 10. Rac1 b5 11. cxb5 cxb5 12. a4 Rb8 13. axb5 axb5 14. Ra1 Ne4 15.
Nxb5 Qb6 16. Ba5 Qb7 17. Bb4 Re8 18. Rfc1 Bf8 19. Bxf8 Rxf8 20. Qd3 Ra8 21.
Rxa8 Qxa8 22. Qa3 Qxa3 23. bxa3 Ba6 24. Kf1 Rb8 25. a4 Nb6 26. Ra1 Nxa4 27.
Rxa4 Bxb5 28. Bxb5 Rxb5 29. Ra2 Rb1+ 30. Ne1 Nd6 31. Ke2 Ne4 32. Rc2 Kg7 33. f3
Nd6 34. Nd3 Nc4 35. Nc5 Rg1 36. Kf2 Rxg2+ 37. Kxg2 Nxe3+ 38. Kf2 Nxc2 39. Nb3
Kf6 40. Ke2 Kf5 41. Kd2 Nb4 42. Ke3 f6 43. h3 e5 44. Nd2 Nc2+
0-1

[Event "Landsturneringen 2015"]
[Site "Oppsal arena, Oslo"]
[Date "2015.07.10"]
[Round "8"]
[White "Rødsmoen, Maud"]
[Black "Kjøita, Torgeir Jakhelln"]
[Result "1/2-1/2"]
[WhiteElo "1826"]
[BlackElo "2000"]
[PlyCount "114"]
[EventDate "2015.??.??"]

1. e4 e5 2. Nf3 Nc6 3. Bb5 a6 4. Ba4 Nf6 5. O-O b5 6. Bb3 d6 7. Ng5 d5 8. exd5
Nd4 9. Re1 Bd6 10. c4 bxc4 11. Bxc4 O-O 12. d3 Bb7 13. Nc3 Nd7 14. Nf3 f5 15.
Nxd4 exd4 16. Ne2 Nb6 17. Bf4 Kh8 18. Bxd6 Qxd6 19. Nxd4 Nxd5 20. Nf3 Rad8 21.
Bxd5 Qxd5 22. d4 Qb5 23. Rc1 Qxb2 24. Rxc7 Bxf3 25. Qxf3 Qxd4 26. h3 Rd7 27.
Qxf5 Rdd8 28. Rf7 Rxf7 29. Qxf7 h6 30. Kh2 Qd6+ 31. Kh1 Kh7 32. Qf5+ Kh8 33.
Qf7 Kh7 34. Re7 Qd4 35. Kh2 a5 36. Qf5+ Kh8 37. Qe5 Qxe5+ 38. Rxe5 Rd2 39. Rxa5
Rxf2 40. Kg3 Rc2 41. Kf3 Kh7 42. Ra6 h5 43. a4 g6 44. Re6 Ra2 45. Re4 Kh6 46.
h4 Ra3+ 47. Kf4 Ra2 48. g3 Rf2+ 49. Ke3 Rg2 50. Kf3 Ra2 51. Rd4 Ra1 52. Ke3 Rg1
53. Rd3 Ra1 54. Rd4 Rg1 55. Kf4 Rf1+ 56. Ke3 Re1+ 57. Kf2 Ra1
1/2-1/2

[Event "Landsturneringen 2015"]
[Site "Oppsal arena, Oslo"]
[Date "2015.07.04"]
[Round "9"]
[White "Mihajlov, Sebastian"]
[Black "Machlik, Monika"]
[Result "1/2-1/2"]
[WhiteElo "2246"]
[BlackElo "2042"]
[PlyCount "100"]
[EventDate "2015.??.??"]

1. d4 Nf6 2. c4 e6 3. Nf3 Bb4+ 4. Nbd2 d6 5. e3 Nc6 6. Bd3 a5 7. O-O e5 8. Ne4
d5 9. cxd5 Nxd5 10. Nxe5 Nxe5 11. dxe5 O-O 12. Qh5 h6 13. Rd1 Qe7 14. a3 Bc5
15. Nxc5 Qxc5 16. Bd2 Nf6 17. Qh4 Qxe5 18. e4 Bg4 19. Bc3 Qg5 20. Qxg5 hxg5 21.
f3 Be6 22. Bc2 b6 23. Ba4 Rab8 24. Bc6 Rfd8 25. Be5 Rxd1+ 26. Rxd1 Kh7 27. Kf2
b5 28. Rc1 Bc4 29. b3 Rb6 30. Ke3 Rxc6 31. bxc4 Nd7 32. Bb2 bxc4 33. Bc3 a4 34.
Bd4 Nb6 35. Kd2 f6 36. Rb1 c3+ 37. Kd3 Nc4 38. Bxc3 Nxa3 39. Rb4 Rd6+ 40. Ke2
c6 41. Rxa4 Nb5 42. Bb2 Kg6 43. Rc4 Kf7 44. Rc5 Ke7 45. Ke3 Kd7 46. g4 Re6 47.
Kd3 Rd6+ 48. Ke3 Re6 49. Rf5 Nd6 50. Rc5 Nb5
1/2-1/2

[Event "Landsturneringen 2015"]
[Site "Oppsal arena, Oslo"]
[Date "2015.07.04"]
[Round "9"]
[White "Machlik, Endre"]
[Black "Kjøita, Henning Jakhelln"]
[Result "1/2-1/2"]
[WhiteElo "2007"]
[BlackElo "2052"]
[PlyCount "74"]
[EventDate "2015.??.??"]

1. d4 c5 2. d5 d6 3. c4 g6 4. Nc3 Bg7 5. e4 Nf6 6. f4 O-O 7. Nf3 Bg4 8. Bd3
Nbd7 9. O-O a6 10. Qe1 Bxf3 11. Rxf3 e6 12. dxe6 fxe6 13. Rh3 Ng4 14. Ne2 b5
15. Qg3 Ngf6 16. f5 bxc4 17. Bc2 Nh5 18. Qe1 Ne5 19. Nf4 Nxf4 20. Bxf4 Nd3 21.
Bxd3 cxd3 22. Rxd3 Bxb2 23. Rad1 Bd4+ 24. Be3 e5 25. Bxd4 cxd4 26. fxg6 hxg6
27. Rg3 Rf6 28. Qd2 Ra7 29. Qh6 Rg7 30. h4 Qf8 31. Rb1 g5 32. Qh5 gxh4 33. Qxh4
Rxg3 34. Qxg3+ Qg7 35. Rb8+ Rf8 36. Qb3+ Qf7 37. Qg3+ Qg7
1/2-1/2

[Event "Landsturneringen 2015"]
[Site "Oppsal arena, Oslo"]
[Date "2015.07.11"]
[Round "9"]
[White "Risting, Eivind Olav"]
[Black "Haldorsen, Benjamin"]
[Result "1/2-1/2"]
[WhiteElo "2087"]
[BlackElo "2194"]
[PlyCount "64"]
[EventDate "2015.??.??"]

1. d4 d5 2. c4 dxc4 3. Nf3 Nf6 4. e3 e6 5. Bxc4 a6 6. O-O c5 7. dxc5 Qxd1 8.
Rxd1 Bxc5 9. b3 Nbd7 10. Bb2 b6 11. Nbd2 Bb7 12. Ne5 Nxe5 13. Bxe5 Ke7 14. Nf3
Rhd8 15. Kf1 Rac8 16. a4 Ne8 17. Bb2 f6 18. Nd4 Nc7 19. Rac1 g6 20. Nc2 e5 21.
f3 Nd5 22. Ke2 a5 23. g3 Nb4 24. Nxb4 Bxb4 25. e4 Rd6 26. Rd3 Bc5 27. Rcd1 Rxd3
28. Rxd3 Bb4 29. Rd1 Ba6 30. Rc1 Bxc4+ 31. Rxc4 Rxc4 32. bxc4 Bc5
1/2-1/2

[Event "Landsturneringen 2015"]
[Site "Oppsal arena, Oslo"]
[Date "2015.07.11"]
[Round "9"]
[White "Nilsen, Martin"]
[Black "Haug, Johannes"]
[Result "0-1"]
[WhiteElo "2021"]
[BlackElo "2179"]
[PlyCount "94"]
[EventDate "2015.??.??"]

1. e3 Nf6 2. b3 b6 3. Bb2 Bb7 4. f4 g6 5. Nf3 Bg7 6. Be2 O-O 7. O-O d6 8. Qe1
Nbd7 9. Qh4 e6 10. Ng5 h6 11. Bf3 d5 12. Nh3 Ne4 13. Qxd8 Rfxd8 14. Bxg7 Kxg7
15. d3 Nd6 16. Nd2 e5 17. Bg4 f5 18. Be2 Re8 19. Rae1 c5 20. Bf3 Nf6 21. fxe5
Rxe5 22. c4 Rae8 23. cxd5 Bxd5 24. Kf2 Bxf3 25. gxf3 Nd5 26. e4 Nb4 27. Nf4 g5
28. a3 Nc2 29. Rc1 Nxa3 30. Ra1 gxf4 31. Rxa3 Nb5 32. Ra2 Rd8 33. Nc4 Re7 34.
Rg1+ Kf6 35. e5+ Kf7 36. Ke1 Nd4 37. Kf2 Rg8 38. Nd6+ Kf8 39. Rxg8+ Kxg8 40.
Nc8 Re8 41. Nd6 Rxe5 42. Rxa7 Re3 43. Rd7 Rxf3+ 44. Kg2 Re3 45. b4 f3+ 46. Kf1
Re2 47. h3 Nb3
0-1

[Event "Landsturneringen 2015"]
[Site "Oppsal arena, Oslo"]
[Date "2015.07.11"]
[Round "9"]
[White "Ranaldi, Lucas"]
[Black "Kaasen, Tor Fredrik"]
[Result "0-1"]
[WhiteElo "2028"]
[BlackElo "2010"]
[PlyCount "160"]
[EventDate "2015.??.??"]

1. d4 d5 2. Nf3 Nf6 3. c4 dxc4 4. e3 b5 5. a4 b4 6. Bxc4 e6 7. O-O Be7 8. Qe2
Nbd7 9. b3 O-O 10. Bb2 Bb7 11. Rd1 a5 12. Nbd2 Rc8 13. Rac1 c5 14. Bb5 cxd4 15.
Bxd4 Bc5 16. Bb2 Qe7 17. Nc4 Ra8 18. Nce5 Nxe5 19. Nxe5 Rac8 20. Nd7 Rfd8 21.
Nxf6+ gxf6 22. Qg4+ Kh8 23. Qh4 e5 24. Bd3 Rxd3 25. Rxd3 Rg8 26. g3 Rg6 27. Qc4
Bb6 28. Qb5 Qe6 29. Qd7 Be4 30. Rc8+ Kg7 31. Qxe6 fxe6 32. Rd7+ Kh6 33. Rd6 Ba7
34. Rc1 Bd5 35. Ra6 Rg7 36. Rxa5 Bxb3 37. Rb5 Bxa4 38. Rxb4 Be8 39. Rh4+ Bh5
40. h3 Kg5 41. Rhc4 Bb8 42. Rc8 Bd6 43. R1c6 Rd7 44. Rg8+ Kh6 45. Bc1 Bf3 46.
e4+ Kh5 47. Rc3 Bxe4 48. f3 Bg6 49. Kg2 Bb4 50. Rc4 Bd2 51. g4+ Kh4 52. g5+
Kxg5 53. Bxd2+ Rxd2+ 54. Kg3 f5 55. h4+ Kh5 56. f4 Rd3+ 57. Kf2 e4 58. Rc6 Kxh4
59. Rxe6 Kg4 60. Rb8 Kxf4 61. Rb4 Rd2+ 62. Ke1 Ra2 63. Re7 Kf3 64. Rb3+ Kg4 65.
Kf1 f4 66. Rb4 Kf3 67. Rb3+ e3 68. Kg1 Kg3 69. Rexe3+ fxe3 70. Rxe3+ Kg4 71.
Rb3 h5 72. Rb4+ Kg5 73. Rb5+ Bf5 74. Rb8 h4 75. Rb4 h3 76. Rc4 Bg4 77. Rc3 Kf4
78. Rb3 Bf3 79. Rb4+ Kg3 80. Rb8 h2+
0-1